000 00819naa a2200241 a 4500
001 vtls000026152
003 ES-BaIT
005 20221019235636.0
007 t|
008 111114s1996 xxu|||||| |00| |spa|d
010 _a26152
035 _a0026-15260
_9ES-BaIT035
039 9 _a201701301335
_bAUTHORITY
_c201403072309
_dVLOAD
_c201303092005
_dVLOAD
_c201111141533
_dVLOAD
_y201110052303
_zVLOAD
080 _a860-2"19"
100 1 _aGarcía, Rodrigo,
_d1964-
_966514
245 1 0 _aVencedor y vencido /
_cRodrigo García
500 _aForma part de: Obras cómicas
500 _aSense llista de personatges
773 0 _aGestos : teoría y práctica del teatro hispánico, Año 11, nº 21, abril, 1996
_wvtls000010760
_x1040-483X
_821
_09201
790 _w0010-76060
790 _a001076060
_x8003--1996
999 _c22636
_d22636
942 _cART